| 000 | 00465cam a2200145 a 4500 | ||
|---|---|---|---|
| 040 | _cDGW | ||
| 082 | 0 | 0 | _a332 WOR 2003 A108 Or. |
| 245 | 0 | 0 |
_aAccountability at the World Bank : _bthe Inspection Panel 10 years on / |
| 260 |
_aWashington, DC : _bWorld Bank, _c2003. |
||
| 300 |
_axvi, 181 p. : _bcol. ill. ; _c29 cm. |
||
| 650 | 0 | _aEconomic development projects | |
| 710 | 2 | _aWorld Bank. | |
| 856 | 4 | 1 | _uhttp://www.loc.gov/catdir/toc/fy043/2003384044.html |
| 942 | _cEK | ||
| 999 |
_c16756 _d16756 |
||